01111nam a2200265 a 450000100100000000500170001000800410002702000150006804000250008304100130010808200190012110000260014024501560016626000310032230000210035353400580037465000210043265000250045370000390047870000310051770000400054895201170058895201230070599900170082800002469220200930023319.0110131s1991 mx 000 | spa d a9686579036 aDO-SdBNPbspacBNPHU17aenghspa a616.863bN153c1 aNahas, Gabriel95062810aCocaína :bla peste blanca /cGabriel G. Nahas ; colaboración Helen Peters ; traducción Pilar Candela Martín : prólogo Jacques Yves Cousteau. aMéxico :bSITESA,c1991. a298 p. ;c23 cm. aTítulo original :tCocaine : the great white plague 4aCocaína950629 4aToxicomanía9506301 aPilar Candela Martín,etr9506311 aPeters, Helenecol.9506321 aCousteau, Jacques Yves,etr.950633 001050718MOaGRbGRcHDd2011-02-02iLF1l0o616.863 N153cp24692-10r2020-06-25w2020-06-25y1ZNo se presta 001150718MOaGRbGRcMId2017-06-02iLF1l0o616.863 N153cp24692-20r2020-06-25te. 2w2020-06-25y1ZNo se presta c24185d24185